| 000 | 00739nam a2200241 4500 | ||
|---|---|---|---|
| 003 | OSt | ||
| 005 | 20240615014429.0 | ||
| 006 | a | ||
| 008 | 240615b |||||||| |||| 00| 0 eng d | ||
| 020 | _a9780240814339 | ||
| 040 |
_aDWCL-Main lib. _cOC |
||
| 082 | _aCirc. 006.696 B777h 2011 | ||
| 100 | _aBousquet, Michele | ||
| 245 | _aHow to cheat in 3Ds for Max 2011 : get spectacular results fast / | ||
| 260 |
_aMassachusetts : _bFocal Press, _cc2011. |
||
| 300 |
_aix, _b245 p. : col. ill. ; _c25 cm. |
||
| 504 | _aIncludes bibliographical references & index. | ||
| 650 | _a1. Computer animation. | ||
| 650 | _a2. 3D studio. | ||
| 650 | _a3. Computer graphics. | ||
| 700 | _aMichele Bousquet | ||
| 942 |
_2ddc _n0 _cBK-CIRC _kCirc. |
||
| 999 |
_c742 _d742 |
||